Obce okresu Most - Statistics

General Stats
  • This quiz has been taken 19 times
  • The average score is 10 of 26
Answer Stats
Počet obyvatel Odpověď % Correct
22 512 Litvínov
100%
63 882 Most
100%
2 202 Horní Jiřetín
56%
4 587 Meziboří
56%
3 715 Lom
50%
2 042 Obrnice
50%
1 386 Bečov
44%
619 Havraň
44%
185 Klíny
44%
262 Korozluky
44%
460 Hora Svaté Kateřiny
38%
745 Louka u Litvínova
38%
297 Skršín
38%
221 Bělušice
31%
1 191 Braňany
31%
103 Český Jiřetín
25%
580 Lužice
25%
440 Patokryje
25%
283 Brandov
19%
466 Mariánské Radčice
19%
482 Nová Ves v Horách
19%
231 Polerady
19%
485 Želenice
19%
241 Malé Březno
13%
127 Volevčice
13%
214 Lišnice
0%
No matching quizzes found
Score Distribution
Percent of People with Each Score
Percentile by Number Answered
Your Score History
You have not taken this quiz